Some aspects of Indo-Islamic architecture / (Record no. 352307)

000 -LEADER
fixed length control field 00896 a2200265 4500
003 - CONTROL NUMBER IDENTIFIER
control field OSt
005 - DATE AND TIME OF LATEST TRANSACTION
control field 20180116192330.0
008 - FIXED-LENGTH DATA ELEMENTS--GENERAL INFORMATION
fixed length control field 120517t xxu||||| |||| 00| 0 eng d
010 ## - LIBRARY OF CONGRESS CONTROL NUMBER
LC control number 99945164
020 ## - INTERNATIONAL STANDARD BOOK NUMBER
International Standard Book Number 8170173817
035 ## - SYSTEM CONTROL NUMBER
System control number (DLC) 99945164
040 ## - CATALOGING SOURCE
Transcribing agency 0
082 ## - DEWEY DECIMAL CLASSIFICATION NUMBER
Classification number 720.954
100 1# - MAIN ENTRY--PERSONAL NAME
Personal name Parihar, Subhash,
9 (RLIN) 1577
245 10 - TITLE STATEMENT
Title Some aspects of Indo-Islamic architecture /
Statement of responsibility, etc. Subhash Parihar.
246 30 - VARYING FORM OF TITLE
Title proper/short title Indo-Islamic architecture
260 ## - PUBLICATION, DISTRIBUTION, ETC.
Place of publication, distribution, etc. New Delhi :
Name of publisher, distributor, etc. Abhinav Publications,
Date of publication, distribution, etc. 1999.
300 ## - PHYSICAL DESCRIPTION
Extent 191 p., [72] p. of plates :
Other physical details ill., map ;
Dimensions 29 cm.
500 ## - GENERAL NOTE
General note Includes bibliographycal references & indexe
650 #0 - SUBJECT ADDED ENTRY--TOPICAL TERM
Topical term or geographic name entry element Architecture, Mogul
Geographic subdivision India
-- Punjab.
9 (RLIN) 1578
650 #0 - SUBJECT ADDED ENTRY--TOPICAL TERM
Topical term or geographic name entry element Architecture, Mogul
9 (RLIN) 1579
650 #0 - SUBJECT ADDED ENTRY--TOPICAL TERM
Topical term or geographic name entry element Islamic art and architecture
9 (RLIN) 1580
942 ## - ADDED ENTRY ELEMENTS (KOHA)
Institution code [OBSOLETE] SADA
Koha item type Book
Call number prefix 720.954 PAR 1999
Source of classification or shelving scheme
Holdings
Withdrawn status Lost status Source of classification or shelving scheme Damaged status Not for loan Permanent Location Current Location Date acquired Total Checkouts Full call number Barcode Date last seen Date last checked out Cost, replacement price Price effective from Koha item type
          School of Art Design and Architecture (SADA) School of Art Design and Architecture (SADA) 11/03/2010 1 720.954 PAR 1999 SADA0000465 02/24/2014 02/12/2014 2267.00 08/05/2011 Book
© 2023 Central Library, National University of Sciences and Technology. All Rights Reserved.